Variational text linguistics (Record no. 931539)

MARC details
000 -LEADER
fixed length control field 00946nam a2200277Ia 4500
003 - CONTROL NUMBER IDENTIFIER
control field OSt
005 - DATE AND TIME OF LATEST TRANSACTION
control field 20221005023644.0
008 - FIXED-LENGTH DATA ELEMENTS--GENERAL INFORMATION
fixed length control field 221004b |||||||| |||| 00| 0 eng d
020 ## - INTERNATIONAL STANDARD BOOK NUMBER
International Standard Book Number 9783110443103 (hbk)
037 ## - SOURCE OF ACQUISITION
Terms of availability Textual
040 ## - CATALOGING SOURCE
Original cataloging agency CRL
Transcribing agency CRL
Language of cataloging eng
041 ## - LANGUAGE CODE
Source of code eng
Language code of text/sound track or separate title eng
100 ## - MAIN ENTRY--PERSONAL NAME
Personal name Schubert Christoph Ed.
9 (RLIN) 579834
245 #0 - TITLE STATEMENT
Title Variational text linguistics
Remainder of title revisiting register in english
260 ## - PUBLICATION, DISTRIBUTION, ETC.
Place of publication, distribution, etc. Berlin
Name of publisher, distributor, etc. Walter de Gruyter Germany
Date of publication, distribution, etc. 2016
300 ## - PHYSICAL DESCRIPTION
Extent viii,339p.
Dimensions cm.
650 ## - SUBJECT ADDED ENTRY--TOPICAL TERM
Topical term or geographic name entry element LINGUISTICS
650 ## - SUBJECT ADDED ENTRY--TOPICAL TERM
Topical term or geographic name entry element ENGLISH LANGUAGE
700 ## - ADDED ENTRY--PERSONAL NAME
Personal name Sanchez-Stockhammer Christina Ed.
9 (RLIN) 579835
942 ## - ADDED ENTRY ELEMENTS (KOHA)
Classification part P111, Q6
Koha item type Textual
Source of classification or shelving scheme
Holdings
Withdrawn status Lost status Damaged status Not for loan Home library Current library Date acquired Source of acquisition Total Checkouts Full call number Barcode Date last seen Price effective from Koha item type
        Central Library Central Library 2022-10-05 8180, 08/09/2017, Efficient Book Distributors   P111 Q6 CL1452860 2022-10-05 2022-10-05 Textual
Copyright @ Delhi University Library System